Sử dụng phương pháp giải quyết vấn đề dạy học phần quang hình học Vật lí 11 nâng cao THPT
Những cơ sở khoa học của phương pháp giải quyết vấn đề và các phương tiện hỗ trợ phương pháp trong quá trình giảng dạy. Xây dựng phương pháp và tổ chức dạy học phần Quang hình học – Vật lý 11 nâng cao.
Sparad:
| Huvudupphovsman: | |
|---|---|
| Övriga upphovsmän: | |
| Materialtyp: | Bok |
| Publicerad: |
Đà Nẵng
Đại học Sư phạm, Đại học Đà Nẵng
2012
|
| Ämnen: | |
| Taggar: |
Lägg till en tagg
Inga taggar, Lägg till första taggen!
|
| Thư viện lưu trữ: | Mạng thư viện Đại học Đà Nẵng |
|---|
| LEADER | 01868nam a2200337 4500 | ||
|---|---|---|---|
| 001 | 000017401 | ||
| 003 | 13819 | ||
| 005 | 20130412150416.0 | ||
| 008 | 130412s2012 sd | ||
| 082 | |a 535.3207 |b NG-Q | ||
| 100 | 1 | |a Nguyễn Thị Hạnh Quyên | |
| 245 | |a Sử dụng phương pháp giải quyết vấn đề dạy học phần quang hình học Vật lí 11 nâng cao THPT |c Nguyễn Thị Hạnh Quyên ; Lê Thanh Huy hướng dẫn |k Khóa luận tốt nghiệp | ||
| 260 | |a Đà Nẵng |b Đại học Sư phạm, Đại học Đà Nẵng |c 2012 | ||
| 300 | |a 70 tr., phụ lục 25 tr. |b Hình mh. |c 29 cm. |e Đĩa CD, bản tóm tắt | ||
| 500 | |a Khóa luận tốt nghiệp đại học. Chuyên ngành: Sư phạm Vật Lý | ||
| 504 | |a Mục lục đầu trang, tài liệu tham khảo tr. 73 - 74, phụ lục [13 tr.] | ||
| 520 | |a Những cơ sở khoa học của phương pháp giải quyết vấn đề và các phương tiện hỗ trợ phương pháp trong quá trình giảng dạy. Xây dựng phương pháp và tổ chức dạy học phần Quang hình học – Vật lý 11 nâng cao. | ||
| 600 | 1 | 4 | |b Vua |c Đinh Tiên Hoàng |
| 650 | 0 | 4 | |a Quang hình học |a Giáo dục THPT |v Khóa luận tốt nghiệp |x Vật lý 11 |
| 653 | |a Giáo dục THPT |a Khoa Vật lý |a Quang hình học |a Vật lý 11 | ||
| 700 | |a Lê Thanh Huy |e Hướng dẫn | ||
| OWN | |a LSP | ||
| AVA | |a UDN50 |b LSP |d 535.3207 NG-Q |e available |t Error 5001 Not defined in file expand_doc_bib_avail. |f 1 |g 0 |h N |i 0 |k 1 | ||
| 999 | |a From the UDN01 | ||
| AVA | |a UDN50 |b LSP |d 535.3207 NG-Q |e available |t Error 5001 Not defined in file expand_doc_bib_avail. |f 1 |g 0 |h N |i 0 |k 1 | ||
| TYP | |a Monograph | ||
| TYP | |a Printed language | ||
| 980 | |a Mạng thư viện Đại học Đà Nẵng | ||